000
00244nam a2200097Ia 4500
001
641694
005
20250826153512.0
008
250824s9999 xx 000 0 und d
245
0
_a
BABAMDAN SONRA
_c
AHMED GÜNBAY YILDIZ
260
_b
TİMAŞ KÜLTÜR
999
_c
641694
_d
641694